Normale Ansicht MARC-Ansicht ISBD

Seit einem Jahr mehr Nachbarsprache: (Titelsatznr. 80412)

[ MARC ]
MARC-Details
000 -Satzkennung
Kontrollfeld mit fester Länge 00678nam a22001577a 4500
008 - Feld mit fester Länge zur physischen Beschreibung - Allgemeine Angaben
Kontrollfeld mit fester Länge 201130b ||||| |||| 00| 0 eng d
040 ## - Katalogisierungsquelle
Katalogisierungssprache ger
Übertragungsstelle STAFF
Beschreibungsfestlegungen rda
Original-Katalogisierungsstelle ISIL EINTRAGEN
041 ## - Sprachcode
Sprachcode des Textes/der Tonspur oder des separaten Titels ger
245 ## - Titel
Haupttitel Seit einem Jahr mehr Nachbarsprache:
Titelzusatz EU-Projekt: In Frankfurt machen rund hundert Schüler freiwillig bei Polnisch-AGs mit. Lehrer lernen im Tandem mit Kollegen /
Verantwortlichkeitsangabe red
600 ## - Nebeneintragung unter einem Schlagwort - Personenname
Quelle der Ansetzung oder des Terms Junghanns, Andrea <Leiterin Kita St. Georg>
773 ## - Übergeordnete Einheit
Ort, Verlag und Erscheinungsjahr Frankfurt (Oder): Märkisches Verlags- und Druckhaus GmbH & Co KG
Verknüpfungsangaben 31. Jahrgang (2020) Nr. 294 vom 17.12.2020, S. 15.
Titel Märkische Oderzeitung
942 ## - Zusätzliche Felder (Koha)
Koha-Medientyp Aufsätze
Exemplare
Ausgeschieden Verloren Beschädigt Nicht entleihbar Permanenter Standort Aktueller Standort Aufstellungsort Eingabedatum Anzahl Ausleihen Signatur Letzte Aktivität Preis gültig von Medientyp
        Stadtarchiv Frankfurt (Oder) | Archivbibliothek Stadtarchiv Frankfurt (Oder) | Archivbibliothek Magazin 17/12/2020   Z2 17/12/2020 17/12/2020 Aufsätze